Statistical methods: The geometric approach (Record no. 2100)

MARC details
000 -LEADER
fixed length control field 00445nam a2200169Ia 4500
008 - FIXED-LENGTH DATA ELEMENTS--GENERAL INFORMATION
fixed length control field 130318s9999 xx 000 0 und d
020 ## - INTERNATIONAL STANDARD BOOK NUMBER
International Standard Book Number 387975179
082 ## - DEWEY DECIMAL CLASSIFICATION NUMBER
Classification number 519.538 SAV/S
100 ## - MAIN ENTRY--PERSONAL NAME
Personal name Saville, David J
245 ## - TITLE STATEMENT
Title Statistical methods: The geometric approach
260 ## - PUBLICATION, DISTRIBUTION, ETC.
Name of publisher, distributor, etc. Springer
Place of publication, distribution, etc. New York
Date of publication, distribution, etc. 1991
300 ## - PHYSICAL DESCRIPTION
Extent 560
650 ## - SUBJECT ADDED ENTRY--TOPICAL TERM
Topical term or geographic name entry element ANALYSIS OF VARIENCE
650 ## - SUBJECT ADDED ENTRY--TOPICAL TERM
Topical term or geographic name entry element GEOMETRY
650 ## - SUBJECT ADDED ENTRY--TOPICAL TERM
Topical term or geographic name entry element REGRESSION ANALYSIS
700 ## - ADDED ENTRY--PERSONAL NAME
Personal name Wood, Graham R
Holdings
Withdrawn status Lost status Damaged status Not for loan Home library Current library Shelving location Date acquired Cost, normal purchase price Total Checkouts Full call number Barcode Date last seen Price effective from Koha item type
        Kerala University of Digital Sciences, Innovation and Technology Knowledge Centre Kerala University of Digital Sciences, Innovation and Technology Knowledge Centre Mathematics 18/03/2013 6605.00   519.538 SAV/S 2117 18/03/2013 18/03/2013 Books